000 00596nam a2200193Ia 4500
003 GCL
005 20240530102012.0
008 140319s9999 xx 000 0 ara d
040 _aGCL /
_cGCL
082 0 4 _a938
_bع م
100 1 _aعاصم احمد حسين
245 1 0 _aالمدخل الى تاريخ وحضارة الاغريق /
_cعاصم احمد حسين
260 _aالقاهرة :
_bمكتبة نهضة الشرق ،
_c1993
300 _a334 ص
650 0 4 _aالتاريخ
650 0 4 _aالتاريخ القديم
650 0 4 _aحضارة الاغريق
942 _2ddc
_cBK
999 _c29303
_d29303